000 00312nam a22001337a 4500
008 180222b xxu||||| |||| 00| 0 eng d
020 _a071831005991
041 _aeng
080 _a038
100 _a23
101 _aFJA
245 _aThe oxford essential biographical dictionary
_cBerkley,B
942 _2udc
_cBK
999 _c43119
_d43119